| 000 | 01669nam a2200361 4500 | ||
|---|---|---|---|
| 999 |
_c2794 _d2794 |
||
| 006 | a||||go||d| 00| 0 | ||
| 007 | cr ||||||||||| | ||
| 008 | 861201s2016 enka o 001 0 eng d | ||
| 020 |
_a9780081009055 _c(ebook) |
||
| 040 |
_aKO _beng |
||
| 044 | _aenk | ||
| 082 | 0 | 4 | _223 |
| 245 | 0 | 0 |
_aMarine concrete structures : _bdesign, durability and performance / _cedited by Mark G. Alexander. |
| 260 |
_aLondon : _bWoodhead Publishing, _c[2016] |
||
| 300 | _a1 online resource | ||
| 490 | 1 |
_aWoodhead Publishing series in civil and structural engineering ; _vnumber 64 |
|
| 504 | _aIncludes bibliographical references and index. | ||
| 505 | 0 | 0 | _aNote continued: |
| 505 | 0 | 0 | _aMachine generated contents note: |
| 520 | _aOffers comprehensive coverage on marine concrete structures; structures located either in, or in close proximity to, the sea. A major emphasis of the book is on durability and long-term performance, in view of the fact that such structures represent major infrastructure investment and provision, and are required to perform adequately for long periods of time with minimal maintenance. -- | ||
| 650 | 0 |
_aOffshore structures _xMaterials. |
|
| 650 | 0 | _aConcrete construction. | |
| 650 | 0 | _aUnderwater concrete construction. | |
| 650 | 7 |
_aConcrete construction. _2fast |
|
| 650 | 7 |
_aOffshore structures _xMaterials. _2fast |
|
| 650 | 7 |
_aUnderwater concrete construction. _2fast |
|
| 700 | 1 |
_aAlexander, Mark G., _d1950- _eedt |
|
| 830 | 0 |
_aWoodhead Publishing series in civil and structural engineering ; _v64. |
|
| 856 | 4 | 0 | _uhttps://www.sciencedirect.com/science/book/9780081009055 |
| 904 | _aA_BOSE | ||
| 942 | _cEB | ||